000 00553nam a2200169 4500
001 110467
003 ES-MaACL
005 20230906185046.0
007 t|
008 061121s1965 sp r ||||1| spa d
100 1 _aOehmichen, J.P.
_986546
245 1 0 _aTecnología de los circuitos impresos /
_cJ.P. Oehmichen; traducción de M. Pérez-Chirinos y Palud.
260 _aMadrid ; Zaragoza :
_bParaninfo : Cometa,
_c1965.
300 _a272 p. :
_bil. ;
_c22 cm.
700 1 _aPérez Chirinos y Palud, M.
_990730
852 _aES-MaACL
_jC-28887
_bR.58195
999 _c110467
_d110467